Global monetary experience and India / (Record no. 125383)

MARC details
000 -LEADER
fixed length control field 00735nam a22002417a 4500
005 - DATE AND TIME OF LATEST TRANSACTION
control field 20170124105953.0
010 ## - LIBRARY OF CONGRESS CONTROL NUMBER
LC control number B-064946
020 ## - INTERNATIONAL STANDARD BOOK NUMBER
Terms of availability 00.00
International Standard Book Number 8190019708
035 ## - SYSTEM CONTROL NUMBER
System control number B-064946
037 ## - SOURCE OF ACQUISITION
Source of stock number/acquisition Cen Lib/Ret
040 ## - CATALOGING SOURCE
Original cataloging agency DPL
Language of cataloging EN
082 ## - DEWEY DECIMAL CLASSIFICATION NUMBER
Classification number 332.46
Item number NAY
100 ## - MAIN ENTRY--PERSONAL NAME
Personal name Nayak, Satendra S
9 (RLIN) 13948
245 ## - TITLE STATEMENT
Title Global monetary experience and India /
Statement of responsibility, etc by Satyendra S Nayak
246 ## - VARYING FORM OF TITLE
Remainder of title
260 ## - PUBLICATION, DISTRIBUTION, ETC. (IMPRINT)
Name of publisher, distributor, etc M/S Kedien
Place of publication, distribution, etc Bombay
Date of publication, distribution, etc 1991
270 ## - ADDRESS
Address 217 Anant Building, Shamaldas Gandhi Marg
City Bombay
Postal code 400002
300 ## - PHYSICAL DESCRIPTION
Extent xii,184p. :
Dimensions 21cm(Hb)
Other physical details ill.
500 ## - GENERAL NOTE
General note Includes index<br/>
650 ## - SUBJECT ADDED ENTRY--TOPICAL TERM
Topical term or geographic name as entry element International finance.
9 (RLIN) 73936
650 ## - SUBJECT ADDED ENTRY--TOPICAL TERM
Topical term or geographic name as entry element Balance of payments -- India.
9 (RLIN) 13950
942 ## - ADDED ENTRY ELEMENTS (KOHA)
Source of classification or shelving scheme Dewey Decimal Classification
Koha item type English Books
Classification part 332.46
Call number suffix NAY
Holdings
Withdrawn status Lost status Damaged status Not for loan Home library Current library Date acquired Source of acquisition Cost, normal purchase price Total Checkouts Full call number Barcode Date last seen Copy number Cost, replacement price Price effective from Koha item type
        Central Library Central Library 20/06/2015 Cen Lib/Ret 0.00   332.46 NAY B-064946 20/06/2015 1 0.00 20/06/2015 English Books

© Delhi Public Library
Hit Counter
free hit counter